000 00986caa a22002417a 4500
999 _c422286
_d422286
001 133472
003 UA-OsUOA
005 20200129131743.0
007 ta
008 20181024b un ||||| |||| 00| 0 ukr d
040 _aUA-OsUOA
_brus
_cUA-OsUOA
_dUA-OsUOA
041 _arus
080 _a908
090 _a908
_bГ76
100 _aКовальский Н. П.
245 _aГрамота о предоставлении городу Острогу магдебургского права. 7 июня 1585 г.
300 _aС. 69–70
650 7 _a908 Краєзнавство
_2UDC
773 0 _0326881
_9348885
_aКовальский Н.П.
_dДнепропетровск ДГУ 1982
_o87869
_tИсточники по социально-экономической истоирии Украины XVI- первой половины XVII века
_w(UA-OsUOA) 40744
942 _cBKA
_2udc
955 _a1